000 00435nam a22001337a 4500
003 OSt
005 20240409161422.0
008 240409b |||||||| |||| 00| 0 eng d
040 _cCentral Library MRSPTU
100 _aJasvir Singh Sheeri (ਜਸਵੀਰ ਸਿੰਘ ਸ਼ੀਰੀ)
_d
245 _aBanzar Mann Punjab (ਬੰਜਰ ਮਨ ਪੰਜਾਬ)
_b
300 _a96
942 _2ddc
_cBK
_n0
999 _c10006
_d10006